[Event "Foment Martinenc op-B 18th"]
[Site "Barcelona"]
[Date "2016.05.28"]
[Round "6"]
[White "Mesa Marquez, Jesus"]
[Black "Munne Carbonell, Gerard"]
[Result "1-0"]
[WhiteElo "1714"]
[BlackElo "1289"]
[PlyCount "119"]
[EventDate "2016.04.23"]
[EventType "swiss"]
[EventRounds "9"]
[EventCountry "ESP"]
[SourceTitle "EXT 2017"]
[Source "ChessBase"]
[SourceDate "2016.10.25"]
[SourceVersion "1"]
[SourceVersionDate "2016.10.25"]
[SourceQuality "1"]

1. d4 Nf6 2. Nc3 g6 3. e4 Bg7 4. e5 Ng8 5. f4 d6 6. Nf3 b6 7. Bc4 e6 8. Be3 d5 9. Bd3 Ne7 10. g4 a6 11. Qe2 Nd7 12. 0-0-0 c5 13. Qg2 c4 14. Be2 b5 15. f5 exf5 16. gxf5 Nxf5 17. Bg5 Qa5 18. Nxd5 Bb7 19. Nf6+ Nxf6 20. exf6 Bh6 21. Bxh6 Nxh6 22. Qg5 Nf5 23. Qd2 Qxa2 24. Qb4 c3 25. bxc3 Kd8 26. Rhe1 Qe6 27. Qa5+ Kc8 28. Ne5 Qxf6 29. Bg4 Re8 30. Kb2 h5 31. Bh3 Qe6 32. Nd3 Qc6 33. Rxe8+ Qxe8 34. Re1 Qc6 35. Bxf5+ gxf5 36. Re7 b4 37. Nxb4 Qd6 38. Qxf5+ Kb8 39. Qxf7 Qb6 40. Qf4+ Ka7 41. Qc7 Qb5 42. Re5 Qa4 43. Ra5 Rc8 44. Rxa6+ Qxa6 45. Nxa6 Rxc7 46. Nxc7 Kb6 47. Ne6 h4 48. c4 Ba6 49. Kc3 Kc6 50. d5+ Kd6 51. Kd4 Bc8 52. c5+ Ke7 53. Ke5 Kf7 54. Nf4 h3 55. d6 Ke8 56. c6 Kd8 57. Ne6+ Bxe6 58. Kxe6 Ke8 59. Kf5 Kd8 60. Kg4 1-0

[Event "Foment Martinenc op-B 18th"]
[Site "Barcelona"]
[Date "2016.05.14"]
[Round "4"]
[White "Roig Martinez, Salvador"]
[Black "Munne Carbonell, Gerard"]
[Result "1-0"]
[WhiteElo "1626"]
[BlackElo "1289"]
[PlyCount "97"]
[EventDate "2016.04.23"]
[EventType "swiss"]
[EventRounds "9"]
[EventCountry "ESP"]
[SourceTitle "EXT 2017"]
[Source "ChessBase"]
[SourceDate "2016.10.25"]
[SourceVersion "1"]
[SourceVersionDate "2016.10.25"]
[SourceQuality "1"]

1. d4 Nf6 2. c4 g6 3. Nc3 Bg7 4. e4 d6 5. Nf3 0-0 6. Be2 Nbd7 7. 0-0 c5 8. d5 Nb6 9. Qc2 Re8 10. Re1 e6 11. Bg5 exd5 12. exd5 Bf5 13. Bd3 Bg4 14. Nd2 h6 15. Be3 a6 16. Rac1 Qc7 17. Ne2 Nbd7 18. Ng3 Ne5 19. Be2 Bxe2 20. Nxe2 Rad8 21. Nf1 Re7 22. Neg3 Rde8 23. h3 Ned7 24. Nh2 Ne4 25. Nxe4 Rxe4 26. Bd2 Rxe1+ 27. Rxe1 Ne5 28. f4 Qd7 29. fxe5 Bxe5 30. Nf3 Bg7 31. Bc3 Rxe1+ 32. Nxe1 Qe7 33. Nf3 Qe3+ 34. Kh1 Bd4 35. Bxd4 cxd4 36. Qd2 Kg7 37. Qxd4+ Qxd4 38. Nxd4 Kf6 39. Nf3 Kf5 40. Kg1 Ke4 41. Kf2 Kd3 42. b3 Kc3 43. Ke3 Kb2 44. Kd3 Kxa2 45. Kc3 Ka3 46. Nd4 Ka2 47. b4 Ka3 48. c5 dxc5 49. bxc5 1-0

[Event "Foment Martinenc op-B 18th"]
[Site "Barcelona"]
[Date "2016.05.07"]
[Round "3"]
[White "Munne Carbonell, Gerard"]
[Black "Maqueda Berdugo, Francisco"]
[Result "1-0"]
[WhiteElo "1289"]
[BlackElo "1682"]
[PlyCount "161"]
[EventDate "2016.04.23"]
[EventType "swiss"]
[EventRounds "9"]
[EventCountry "ESP"]
[SourceTitle "EXT 2017"]
[Source "ChessBase"]
[SourceDate "2016.10.25"]
[SourceVersion "1"]
[SourceVersionDate "2016.10.25"]
[SourceQuality "1"]

1. e4 c5 2. d4 cxd4 3. c3 dxc3 4. Nxc3 Nc6 5. Bc4 e6 6. Nf3 d6 7. 0-0 Nf6 8. Re1 Be7 9. Bf4 e5 10. Bg5 0-0 11. h3 a6 12. a4 Be6 13. Qe2 Rc8 14. Bd3 Nb4 15. Rad1 Nxd3 16. Qxd3 Qc7 17. Bxf6 gxf6 18. Nh4 Kh8 19. Nd5 Bxd5 20. Qxd5 Qc6 21. Qd3 Rg8 22. Nf5 Bf8 23. Qf3 Qc2 24. Nxd6 Bxd6 25. Rxd6 Rg6 26. Rxf6 Qxb2 27. Rd1 Rc3 28. Qf5 Rc1 29. Rxc1 Qxc1+ 30. Kh2 Qf4+ 31. Qxf4 exf4 32. Rxf7 Rb6 33. e5 Re6 34. Rxb7 Rxe5 35. Rb4 Rf5 36. g3 fxg3+ 37. Kxg3 Rc5 38. f4 Rc3+ 39. Kg4 Ra3 40. f5 a5 41. Rf4 Kg7 42. f6+ Kf7 43. h4 Rb3 44. Kf5 Rb6 45. Ke5 h5 46. Rf5 Rb4 47. Rxh5 Rxa4 48. Rh7+ Kf8 49. Ke6 Re4+ 50. Kf5 Re1 51. Ra7 Rf1+ 52. Kg6 Rg1+ 53. Kh5 Rf1 54. Rxa5 Rxf6 55. Kg5 Rf1 56. h5 Rg1+ 57. Kf6 Rf1+ 58. Ke6 Re1+ 59. Kf6 Rf1+ 60. Kg6 Rg1+ 61. Kh6 Rh1 62. Rg5 Kf7 63. Kh7 Kf6 64. Rg6+ Kf7 65. h6 Kf8 66. Kh8 Kf7 67. Rg7+ Kf8 68. h7 Rh2 69. Rg6 Kf7 70. Ra6 Rh1 71. Ra7+ Kf8 72. Ra5 Kf7 73. Ra7+ Kf8 74. Ra4 Kf7 75. Rf4+ Ke7 76. Kg7 Rg1+ 77. Kh6 Rh1+ 78. Kg6 Ke8 79. Rf5 Ke7 80. Rh5 Rg1+ 81. Kh6 1-0